Name the Sport 2 - Statistics

General Stats
  • This quiz has been taken 24 times
  • The average score is 17 of 20
Answer Stats
Picture Answer % Correct
Boxing
100%
Darts
100%
Surfing
100%
Table tennis
100%
Wrestling
100%
Pool
95%
Rugby
95%
Snowboarding
95%
Sumo
95%
Water polo
95%
Cycling
86%
Fencing
86%
Skateboarding
86%
Rowing
81%
Bobsled
76%
Handball
76%
Horse racing
76%
Rock climbing
62%
Auto racing
33%
Sled dog racing
14%
No matching quizzes found
Score Distribution
Percent of People with Each Score
Percentile by Number Answered
Your Score History
You have not taken this quiz